| 000 | 00563nam a2200229Ia 4500 | ||
|---|---|---|---|
| 003 | OSt | ||
| 005 | 20220928113049.0 | ||
| 006 | a|||||r|||| 00| 0 | ||
| 007 | ta | ||
| 008 | 220927b |||||||| |||| 00| 0 eng d | ||
| 024 | _a63894 | ||
| 037 | _cTextual | ||
| 040 |
_aSDCL _cSDCL _beng |
||
| 041 |
_2eng _aeng |
||
| 082 | _aX:8:(S:44), M1 | ||
| 100 |
_aLuthans _9431476 |
||
| 245 | 0 | _aOrganizational Behavior | |
| 260 | _c1981 | ||
| 300 |
_aVarious Pagenation _ccm. |
||
| 942 |
_hX:8:(S:44), M1 _cTEXL _2CC |
||
| 999 |
_c747924 _d747924 |
||